000 00783nam0a22002531 4500
001 rc\3453807
005 20250610113926.0
021 _aRU
_b[70-91320]
035 _a(NLR Aleph) 007882417
090 _a7926239
_c7926239
100 _a20130115d1970 |||y0rusy50 ca
101 0 _arus
102 _aRU
105 _aa z |||a|
200 1 _aМатрешки
_e[Стихи
_eДля мл. школьного возраста
_fИл.: Б. Степанцев
210 _aТула
_cПриок. кн. изд-во
_d1970]
215 _a14 с.
_cил.
_d21х21
700 1 _aОрлов
_bВ.Г.
_gВиктор Георгиевич
702 1 _aСтепанцев
_bБ.
_4440
801 0 _aRU
_bNLR
_gpsbo
801 1 _aRU
_bELAR
_2rusmarc
852 _aNLR
_j70-6/9762
942 _cBOOK
980 _aNB